000 00615nam a2200193Ia 4500
003 IN-BaIIA
008 211028s9999 xx s 000 0 eng d
020 _a978-2-7598-0441-2 (Online)
022 _a1633-4760 (Print)
022 _a1638-1963 (Online)
040 _cIIA Library
100 _aKern, P., ed.
_938189
245 0 _aAstrophysics Detector Workshop 2008
_h[eBook]
260 _aFrance
_bEDP Sciences
_c2009
300 _av, 395p.
490 _aEAS Publications Series
856 _uhttps://www.eas-journal.org/articles/eas/abs/2009/04/contents/contents.html
_yClick Here to Access eBook
942 _cEB
999 _c20631
_d20631